000 00421pab a2200181 454500
008 180718b2014 xxu||||| |||| 00| 0 eng d
100 _aMalhotra, Anil
245 _aOutdated laws - A Dilemma for non resident Indians
260 _c2014
300 _ap.21-24.
362 _aDec
650 _aNonresident Indians
650 _aLaw
650 _aLegislation
773 _aYojana
908 _aN
909 _a105764
999 _c105759
_d105759